|
|
|
|
| LEADER |
00000nam a2200000Ii 4500 |
| 001 |
DIGEDUNAV0345 |
| 003 |
NyNyDIG0 |
| 006 |
m o d |
| 007 |
cr ||||||||||| |
| 008 |
220225s2016 sp ob 000 0 spa d |
| 035 |
|
|
|a (OCoLC)1319854698
|
| 040 |
|
|
|a DGITA
|b eng
|e rda
|e pn
|c DGITA
|
| 020 |
|
|
|z 9788431331566
|
| 043 |
|
|
|a e-sp---
|
| 050 |
1 |
4 |
|a LC4069.4 ebook
|
| 245 |
0 |
0 |
|a Jesús Longares Alonso, el maestro que sabía escuchar /
|c Francisco Javier Capistegui, Ignacio Peiró (eds.).
|
| 264 |
|
1 |
|a Pamplona :
|b EUNSA, Ediciones Universidad de Navarra,
|c [2016]
|
| 300 |
|
|
|a 1 online resource.
|
| 336 |
|
|
|a text
|2 rdacontent
|
| 337 |
|
|
|a computer
|b c
|2 rdamedia
|
| 338 |
|
|
|a online resource
|b cr
|2 rdacarrier
|
| 347 |
|
|
|a text file
|2 rdaft
|
| 347 |
|
|
|b PDF
|
| 490 |
1 |
|
|a Histórica
|
| 504 |
|
|
|a Includes bibliographical references.
|
| 588 |
0 |
|
|a Online resource; title from PDF title page (Digitalia, viewed February 25, 2022)
|
| 650 |
|
0 |
|a Historiography.
|
| 651 |
|
0 |
|a Spain
|x Historiography.
|
| 651 |
|
0 |
|a Spain
|x History.
|
| 655 |
|
0 |
|a Electronic books.
|
| 700 |
1 |
|
|a Caspistegui, Francisco Javie,
|e editor.
|
| 700 |
1 |
|
|a Peiró Martín, Ignacio,
|e editor.
|
| 776 |
0 |
8 |
|i Print version:
|t Jesús Longares Alonso.
|b Primera edición.
|d Pamplona : EUNSA, Ediciones Universidad de Navarra, [2016]
|z 9788431331566
|
| 791 |
2 |
|
|a Digitalia (Firm),
|e distributor.
|
| 793 |
0 |
|
|g Digitalia eBook Collection:
|a Ediciones Universidad de Navarra
|
| 830 |
|
0 |
|a Colección histórica (Pamplona, Spain)
|
| 856 |
4 |
0 |
|3 Digitalia Hispánica
|u https://www.digitaliapublishing.com/a/51307/
|
| 910 |
|
|
|a Premium Collection: 2022
|